Príklad úpravy cestovateľského roamingového balíka po regulácii roamingu v Európskej únii

Regulácia roamingu v Európskej únii od 15. júna 2017 umožní používať mobilné telefóny v rámci Európskej únie ako doma. Prípadová štúdia zmien v obsahu cestovateľského roamingového balíka „V Európe ako doma PLUS“ z ponuky mobilného operátora Orange, ktoré nastanú po zavedení tejto regulácie: obsah pô...

Ausführliche Beschreibung

Gespeichert in:
Bibliographische Detailangaben
1. Verfasser: Pólya, Attila
Format: Buchkapitel
Sprache:Slowakisch
Schlagworte:
Tags: Tag hinzufügen
Keine Tags, Fügen Sie das erste Tag hinzu!

MARC

LEADER 00000nla a2200000 4500
001 0239508
005 20240502073901.0
041 0 |a slo 
044 |a SK 
245 1 0 |a Príklad úpravy cestovateľského roamingového balíka po regulácii roamingu v Európskej únii  |c Attila Pólya 
520 |a Regulácia roamingu v Európskej únii od 15. júna 2017 umožní používať mobilné telefóny v rámci Európskej únie ako doma. Prípadová štúdia zmien v obsahu cestovateľského roamingového balíka „V Európe ako doma PLUS“ z ponuky mobilného operátora Orange, ktoré nastanú po zavedení tejto regulácie: obsah pôvodného cestovateľského balíka, vplyv regulácie roamingu na atraktívnosť pôvodnej ponuky cestovateľského roamingového balíka, reakcia mobilného operátora na reguláciu roamingu zmenami v cestovateľskom balíku. 
610 2 0 |a technológie nové 
610 2 0 |a technológie informačné 
610 2 0 |a technológie komunikačné 
610 2 0 |a telekomunikácie 
610 2 0 |a služby 
610 2 0 |a telefón 
610 2 0 |a telefón mobilný 
610 2 0 |a siete mobilné 
610 2 0 |a internet 
610 2 0 |a pohyb služieb voľný 
610 2 0 |a ceny služieb 
610 2 0 |a marketing služieb 
610 2 0 |a regulácia 
610 2 0 |a regulácia cenová 
610 2 0 |a ruch cestovný 
610 2 0 |a ruch cestovný zahraničný 
610 2 0 |a marketing 
610 2 0 |a štúdie prípadové 
610 2 0 |a Európska únia 
610 2 0 |a Slovensko 
100 1 |a Pólya, Attila